Central Library OPAC University of Rajshahi

Caucasian battlefields : (Record no. 25501)

MARC details
000 -LEADER
fixed length control field 01066nam a2200277 a 4500
001 - CONTROL NUMBER
control field 25501
003 - CONTROL NUMBER IDENTIFIER
rucl marc code BD-RjUL
005 - DATE AND TIME OF LATEST TRANSACTION
control field 20211209050904.0
008 - FIXED-LENGTH DATA ELEMENTS--GENERAL INFORMATION
fixed length control field 140318s1953 enkab 001 0 eng d
035 ## - SYSTEM CONTROL NUMBER
System control number (BD-RjUL)25571
040 ## - CATALOGING SOURCE
Original cataloging agency AAWM
Language of cataloging eng
Transcribing agency AAWM
Modifying agency BD-RjUL
041 ## - LANGUAGE CODE
Language code of text/sound track or separate title eng
082 04 - DEWEY DECIMAL CLASSIFICATION NUMBER
Classification number 947.9
Edition number 19
Author mark and year ALC 1953
100 1# - MAIN ENTRY--PERSONAL NAME
Personal name Allen, W. E. D.
Fuller form of name (William Edward David),
Dates associated with a name 1901-
9 (RLIN) 78440
245 10 - TITLE STATEMENT
Title Caucasian battlefields :
Remainder of title a history of the wars on the Turco-Caucasian border, 1828-1921 /
Statement of responsibility, etc. by W.E.D. Allen and Paul Muratoff.
260 ## - PUBLICATION, DISTRIBUTION, ETC. (IMPRINT)
Place of publication, distribution, etc. Cambridge :
Name of publisher, distributor, etc. University Press,
Date of publication, distribution, etc. 1953.
300 ## - PHYSICAL DESCRIPTION
Pagination xxi, 614 p., [16] leaves of plates :
Illustrations ill., maps (some folded) ;
Size 24 cm.
500 ## - GENERAL NOTE
General note Reviews: International Affairs, Oct 1954 p.512-13; History, Oct 1955 p. 371-72.
504 ## - BIBLIOGRAPHY, ETC. NOTE
Bibliography, etc Includes index.
650 #0 - SUBJECT ADDED ENTRY--TOPICAL TERM
Topical term or geographic name as entry element World War, 1914-1918
Geographic subdivision Soviet Union.
9 (RLIN) 78441
Topical term or geographic name as entry element World War, 1914-1918
Geographic subdivision Turkey.
9 (RLIN) 77267
651 #0 - SUBJECT ADDED ENTRY--GEOGRAPHIC NAME
Geographic name Turkey
General subdivision History.
9 (RLIN) 78442
Geographic name Caucasus, Northern (Russia)
General subdivision History.
9 (RLIN) 78443
700 1# - ADDED ENTRY--PERSONAL NAME
Personal name Muratoff, Paul.
942 ## - ADDED ENTRY ELEMENTS (KOHA)
Source of classification or shelving scheme Dewey Decimal Classification
Koha item type Books
Holdings
Lost status Source of classification or shelving scheme Damaged status Not for loan Collection code Permanent Location Current Location Shelving location Date acquired Source of acquisition Cost, normal purchase price Total Checkouts Full call number Date last seen Copy number Koha item type
  Dewey Decimal Classification   Added to bundle Non-fiction Central Library, University of Rajshahi Central Library, University of Rajshahi Reading Room 16/09/1969 Pak. Book Center 75.00   947.9 ALC 1953 18/03/2014 C-1 Books